00748nam a2200217Ii 45000010008000000030004000080050017000120080041000290200015000700400013000850820015000981000027001132450055001402600059001953000029002544900028002835000017003115000103003285040028004316300071004594117375OSt20181126195853.0780807s1970 ilua b 000 0 eng d a0802410585 aBSCcBSC a227bJ545H1 aJensen, Irving Lester.10aHebrews :ba self-study guide /cIrving L. Jensen. a[Chicago] :bMoody Bible Institute of Chicago,cc1970. a104 p. :bill. ;c22 cm.0 aBible self-study guides aCover title. a"Hebrews (Original title: Studies in Hebrews) by Irving L. Jensen, with excerpts from Grace Saxe." aBibliography: p. [105].00aBible.pN.T.pHebrewsxStudy and teachingxOutlines, syllabi, etc.